000 00667nam a2200277Ia 4500
008 210210b2010 xxu||||| |||| 00| 0 eng d
020 _a9780749461003
041 _aeng
082 _a658.45 PART
100 _aPARKIN (Margaret)
245 _aTales for change
_bUsing storytelling to develop people and organizations
260 _aLondon
_bKogan Page
_c2010
300 _avii,175
650 _aUsing
650 _ato
650 _aTales
650 _astorytelling
650 _apeople
650 _aorganizations
650 _afor
650 _adevelop
650 _achange
650 _aand
690 _aExecutive Management
906 _a065827
999 _c147031
_d147031